Datum a čas kvízu
22
Celkem bodů
Celkový počet nahraných bodů na tomto kvízu bez doplňovacích otázek.
9.
Pořadí na kvízu
Konečné umístění týmu na tomto kvízu.
Zaznamenané odpovědi
| # | Otázka | Odpověď | Body | Výsledky |
|---|---|---|---|---|
| 1. | Českou republiku zasáhl v uply... | Dudley | 1 | |
| 2. | Poblíž které metropole došlo v... | poblíž Sydney | 1 | |
| 3. | Slavný čtyřiačtyřicetiletý ame... | Ye / Kanye West | 1 | |
| 4. | Jeden rakouský řetězec se spo... | Hervis | 1 | |
| 5. | Jedna česká úspěšná sportovkyn... | Kateřina Neumannová | 1 | |
| 6. | Začneme v Africe. Jak se dnes... | Zimbabwe | 1 | |
| 7. | Kambodžské království je konst... | Kampučia | 0 | |
| 8. | Thajsko je jedinou zemí jihový... | Siam, Město Andělů | 0 | |
| 9. | Zřejmě víte, že na území dnešn... | Robinson Crusoe | 0 | |
| 10. | Vzpomenete si na jednoslovný n... | Jugoslávie | 1 |